San Isidoro de Sevilla: su vida, su obra y su tiempo
Uloženo v:
| Hlavní autor: | |
|---|---|
| Médium: | Kniha |
| Jazyk: | španělština |
| Vydáno: |
Barcelona
Labor
1945
|
| Vydání: | 2a. ed |
| Edice: | Pro Ecclesia et Patria
|
| Témata: | |
| Tagy: |
Přidat tag
Žádné tagy, Buďte první, kdo vytvoří štítek k tomuto záznamu!
|
MARC
| LEADER | 00000nam a2200000 a 4500 | ||
|---|---|---|---|
| 001 | UCR1145 | ||
| 003 | CL-VaPUC | ||
| 008 | 971212e19450000SP |||||||||||||||||spa|d | ||
| 082 | 0 | 4 | |a 248.894 |b PER |2 21 |
| 100 | 0 | |a Pérez de Urbel, Justo |e author |9 398028 | |
| 245 | 1 | 0 | |a San Isidoro de Sevilla: su vida, su obra y su tiempo |
| 250 | |a 2a. ed | ||
| 300 | |a 284 p | ||
| 942 | |c BK | ||
| 945 | |d 19971212 00:00:00 |a jquezada | ||
| 260 | |a Barcelona |b Labor |c 1945 | ||
| 600 | 0 | 7 | |a ISIDORO DE SEVILLA |2 CL-VaPUC |9 398029 |
| 650 | 0 | |a Personas no religiosas |9 349308 | |
| 650 | 0 | |a Cristianismo |9 257361 | |
| 650 | 0 | |a Vida religiosa |9 257284 | |
| 583 | |a last modification |c 19971212 00:00:00 |k Rodrigo Vera | ||
| 490 | 0 | |a Pro Ecclesia et Patria | |
| 999 | |c 264633 |d 264631 | ||
| 952 | |0 0 |1 0 |4 0 |6 248_894000000000000_PER_1945 |7 0 |8 A |9 294986 |a BIBGIM |b BIBGIM |d 2019-11-19 |i 3366731 |o 248.894 PER 1945 |p 3366731 |r 2025-01-15 |w 2019-11-19 |y BK |k COM | ||